Statistics for Countries That Border the Pacific Ocean

Click here to take the quiz!

General Stats

  • This quiz has been taken 28 times
    (12 since last reset)
  • The average score is 34 of 43

Answer Stats

Continent Country % Correct
South AmericaChile
91%
AsiaTaiwan
91%
North AmericaMexico
91%
South AmericaArgentina
82%
AsiaJapan
82%
AsiaPhilippines
82%
South AmericaPeru
82%
AsiaSouth Korea
82%
North AmericaPanama
82%
North AmericaNicaragua
82%
OceaniaAustralia
82%
OceaniaMarshall Islands
82%
AsiaMalaysia
82%
OceaniaTonga
82%
AsiaIndonesia
82%
North AmericaHonduras
82%
North AmericaGuatemala
82%
OceaniaFiji
82%
North AmericaEl Salvador
82%
South AmericaEcuador
82%
North AmericaCosta Rica
82%
South AmericaColombia
82%
AsiaChina
82%
North AmericaCanada
82%
North AmericaUnited States
82%
Asia, EuropeRussia
82%
OceaniaSolomon Islands
73%
OceaniaTuvalu
73%
AsiaTimor-Leste
73%
AsiaThailand
73%
OceaniaVanuatu
73%
OceaniaNauru
73%
AsiaSingapore
73%
OceaniaSamoa
73%
OceaniaPapua New Guinea
73%
OceanuaPalau
73%
AsiaNorth Korea
73%
OceaniaNew Zealand
73%
OceaniaKiribati
73%
OceaniaF. S. Micronesia
73%
AsiaCambodia
73%
AsiaBrunei
73%
AsiaVietnam
73%

Score Distribution

Percentile by Number Answered

Percent of People with Each Score

Your Score History

You have not taken this quiz since the last reset